000 00581nam a22001937a 4500
999 _c174843
_d174843
005 20200715123303.0
010 _aENG-128272
020 _c1200.00
_a9788183244749
035 _aEN-111804
037 _bDBAD/PUB
082 _a297.4
100 _aMuhammad Isar Ahmad
245 _aThe Word of Sufism/
_c by Muhammad Isar Ahmad
260 _aNew Delhi
_bMittal Publication
_c2014
270 _a4594/9,Daryaganj
_bNew Delhi
_e110002
300 _avii;332p.
_c24cm(hb)
500 _aincludes bibliographical references and index
942 _2ddc
_cEN
_h297.4
_mMUH